Marketingová politika malých a stredných podnikov dizertačná práca

Salvato in:
Dettagli Bibliografici
Autore principale: Luliaková, Ivana
Ente Autore: Ekonomická univerzita v Bratislave. Obchodná fakulta
Altri autori: Kita, Jaroslav
Natura: Libro
Lingua:slovacco
Pubblicazione: Bratislava 2010
Soggetti:
Tags: Aggiungi Tag
Nessun Tag, puoi essere il primo ad aggiungerne!!

MARC

LEADER 00000nam$a2200000$$$4500
001 0117294
005 20240502072318.4
041 0 |a slo 
044 |a SK 
245 1 0 |a Marketingová politika malých a stredných podnikov  |b dizertačná práca  |c Ivana Luliaková ; škol. Jaroslav Kita 
264 1 |a Bratislava  |c 2010 
300 |a 146 s. 
610 2 0 |a marketing 
610 2 0 |a podnik malý 
610 2 0 |a podnik stredný 
610 2 0 |a politika podnikania 
610 2 0 |a marketing mix 
100 1 |a Luliaková, Ivana 
700 1 |a Kita, Jaroslav 
710 2 |a Ekonomická univerzita v Bratislave. Obchodná fakulta